Agenda 21 co musí každý podnik udělat pro úspěch v 21. století

Gespeichert in:
Bibliographische Detailangaben
1. Verfasser: Hammer, Michael
Weitere Verfasser: Škapová, Hana
Format: Buch
Sprache:Tschechisch
Veröffentlicht: Praha Management Press 2002
Schriftenreihe:Knihovna světového managementu
Schlagworte:
Tags: Tag hinzufügen
Keine Tags, Fügen Sie das erste Tag hinzu!

MARC

LEADER 00000nam a2200000 4500
001 c141592
005 20221124091653.7
020 |a 80-7261-074-0 
041 0 |a cze 
044 |a CZ 
245 1 0 |a Agenda 21  |b co musí každý podnik udělat pro úspěch v 21. století  |c Michael Hammer ; preklad: Hana Škapová 
264 1 |a Praha  |b Management Press  |c 2002 
300 |a 258 s. 
490 1 |a Knihovna světového managementu 
830 0 |a Knihovna světového managementu 
610 2 0 |a podnik 
610 2 0 |a podnikanie 
610 2 0 |a úspech pracovný 
610 2 0 |a zákazníci 
610 2 0 |a výkony podnikové 
610 2 0 |a riadenie podnikové 
610 2 0 |a manažment 
610 2 0 |a spolupráca podnikov 
610 2 0 |a prognózovanie 
100 1 |a Hammer, Michael 
700 1 |a Škapová, Hana